Scottish Inventions - Sudden Death - Statistics

General Stats
  • This quiz has been taken 54 times
  • The average score is 8 of 25
Answers on the Grid
Answers color-coded by a green-red scale on the quiz's grid according to % correct below.
Marmalade
Television
Telephone
Penicillin
Refrigerator
MRI Scanner
ATM
Steam Engine
Bank of England
Bicycle
Radar
Flushing Toilet
Adhesive Stamp
Whisky
Golf
Curling
US Navy
Halloween
Bagpipe
Kelvin Scale
Chloroform
Vacuum Flask
Kaleidoscope
Chicken Tikka Masala
Haggis
Stethoscope
Hamburger
Mattress
Wine
Typewriter
Bubblegum
Gramophone
Airplane
Internet
Pacemaker
Ukulele
Car
Radio
Acrylic Paint
Toothpaste
 
Answer Stats
Answer % Correct
Golf
73%
Haggis
73%
Bagpipe
64%
Whisky
64%
Kaleidoscope
55%
Penicillin
55%
Bank of England
45%
Television
45%
Curling
36%
Kelvin Scale
36%
Bicycle
27%
Chloroform
27%
Flushing Toilet
27%
Marmalade
27%
Steam Engine
27%
Telephone
27%
Adhesive Stamp
18%
Halloween
18%
Radar
18%
Chicken Tikka Masala
9%
MRI Scanner
9%
US Navy
9%
ATM
0%
Refrigerator
0%
Vacuum Flask
0%
No matching quizzes found
Score Distribution
Percent of People with Each Score
Percentile by Number Answered
Your Score History
You have not taken this quiz